000 00763nam a22002657a 4500
003 UA-OsUOA
001 31509
007 ta
008 20041222b un ||||| |||| 00| 0 ukr d
100 _aНемировский А. И.
090 _a94(3)(075.8)
_bН50
942 _cBK
040 _aUA-OsUOA
_brus
_cUA-OsUOA
_dUA-OsUOA
245 _aИстория Древнего мира. Античность. В двух частях
_bучебник
300 _a448 с.
_bІлюстрації
955 _a2
041 _arus
080 _a94(3)(075.8)
020 _a5-691-00450-6
260 _aМ.
_bВладос
_c2000
246 3 1 _aЧ. 1
_n
044 _aRU
650 7 _a9 Географія. Біографії. Історія
_2UDC
999 _c317936
_d317936